HOWKIN'S & BOURNE SHAW'S TESTBOOK OF GYNAECOLOGY (Record no. 24530)

MARC details
000 -LEADER
fixed length control field 00411nam a22001697a 4500
003 - CONTROL NUMBER IDENTIFIER
control field SGT
020 ## - INTERNATIONAL STANDARD BOOK NUMBER
International Standard Book Number 9788131266304
082 ## - DEWEY DECIMAL CLASSIFICATION NUMBER
Classification number 618
Item number H18K
100 ## - MAIN ENTRY--PERSONAL NAME
Personal name KUMAR, SUNESH,ed.
245 ## - TITLE STATEMENT
Title HOWKIN'S & BOURNE SHAW'S TESTBOOK OF GYNAECOLOGY
250 ## - EDITION STATEMENT
Edition statement 18TH
260 ## - PUBLICATION, DISTRIBUTION, ETC. (IMPRINT)
Place of publication, distribution, etc NEW DELHI
Name of publisher, distributor, etc ELSEVIER
Year of Publication 2018
300 ## - PAGE DESCRIPTION
No. of Pages 588
650 ## - SUBJECT ADDED ENTRY--TOPICAL TERM
Topical term or geographic name as entry element GYNAECOLOGY
653 ## - KEYWORDS--INDEX TERM
Keyword term HOWKIN , BOURNE , GYNAECOLOGY
942 ## - ADDED ENTRY ELEMENTS (KOHA)
Source of classification or shelving scheme Dewey Decimal Classification
Koha item type Books
942 ## - ADDED ENTRY ELEMENTS (KOHA)
-- 1
Holdings
Withdrawn status Lost status Source of classification or shelving scheme Damaged status Not for loan Collection code Home library Current library Shelving location Date acquired Vendor Name Cost, normal purchase price SGTU Bill Number Total Checkouts Full call number Accession No. (Barcode) Date last seen Bill Date Koha item type Date last borrowed Use restrictions
    Dewey Decimal Classification     AYURVEDA SGT FA-FP Library SGT FA-FP Library Text Book 01/08/2023 ABC PVT. 1495.00 SGTU 16908   618 H18K FA11801 01/08/2023 16/06/2023 Books    
    Dewey Decimal Classification     AYURVEDA SGT FA-FP Library SGT FA-FP Library Text Book 01/08/2023 ABC PVT. 1495.00 SGTU 16908 4 618 H18K FA11802 28/05/2025 16/06/2023 Books 27/05/2025  
    Dewey Decimal Classification     AYURVEDA SGT FA-FP Library SGT FA-FP Library Reference Book 01/08/2023 ABC PVT. 1495.00 SGTU 16908   618 H18K FA11803 01/08/2023 16/06/2023 Books   Restricted Access
    Dewey Decimal Classification     AYURVEDA SGT FA-FP Library SGT FA-FP Library Text Book 01/08/2023 ABC PVT. 1495.00 SGTU 16908 1 618 H18K FA11804 27/05/2025 16/06/2023 Books 26/05/2025  
    Dewey Decimal Classification     AYURVEDA SGT FA-FP Library SGT FA-FP Library Text Book 01/08/2023 ABC PVT. 1495.00 SGTU 16908 2 618 H18K FA11805 08/05/2025 16/06/2023 Books 08/05/2025